Construction planning and scheduling / (Record no. 5171)
[ view plain ]
| 000 -LEADER | |
|---|---|
| fixed length control field | 00971nac a22002651u 4500 |
| 010 ## - LIBRARY OF CONGRESS CONTROL NUMBER | |
| LC control number | 2007013101 |
| 020 ## - INTERNATIONAL STANDARD BOOK NUMBER | |
| International Standard Book Number | 9780132385626 : |
| 020 ## - INTERNATIONAL STANDARD BOOK NUMBER | |
| International Standard Book Number | 0132385627 : |
| 082 00 - DEWEY DECIMAL CLASSIFICATION NUMBER | |
| Classification number | 690.068 |
| Item number | HIN |
| 090 ## - LOCALLY ASSIGNED LC-TYPE CALL NUMBER (OCLC); LOCAL CALL NUMBER (OCLC) | |
| -- | 5171 |
| -- | 5171 |
| 100 ## - MAIN ENTRY--PERSONAL NAME | |
| Personal name | Hinze, Jimmie |
| 245 10 - TITLE STATEMENT | |
| Title | Construction planning and scheduling / |
| Statement of responsibility, etc | Jimmie W. Hinze. |
| 250 ## - EDITION STATEMENT | |
| Edition statement | 3rd ed. |
| 260 ## - PUBLICATION, DISTRIBUTION, ETC. (IMPRINT) | |
| Place of publication, distribution, etc | Upper Saddle River, N.J. : |
| Name of publisher, distributor, etc | Pearson Prentice Hall,2008. |
| Date of publication, distribution, etc | c.2008. |
| 300 ## - PHYSICAL DESCRIPTION | |
| Extent | x,374 p.: |
| Other physical details | ill,; |
| Dimensions | 24 cm. |
| 500 ## - GENERAL NOTE | |
| General note | Two copies distributed by Bacca |
| 504 ## - BIBLIOGRAPHY, ETC. NOTE | |
| Bibliography, etc | Includes bibliographical references and index. |
| 511 ## - PARTICIPANT OR PERFORMER NOTE | |
| Participant or performer note | Catalogued by: Sara |
| 650 #0 - SUBJECT ADDED ENTRY--TOPICAL TERM | |
| Topical term or geographic name as entry element | Building |
| General subdivision | Superintendence. |
| 650 #0 - SUBJECT ADDED ENTRY--TOPICAL TERM | |
| Topical term or geographic name as entry element | Production scheduling. |
| 856 41 - ELECTRONIC LOCATION AND ACCESS | |
| Materials specified | Table of contents only |
| Uniform Resource Identifier | <a href="http://www.loc.gov/catdir/toc/ecip0714/2007013101.html">http://www.loc.gov/catdir/toc/ecip0714/2007013101.html</a> |
| 942 ## - ADDED ENTRY ELEMENTS (KOHA) | |
| Item type | Book - Borrowing |
| Call number prefix | 690.068HIN |
| Withdrawn status | Item status | Damaged status | Not for loan | Home library | Current library | Shelving location | Date acquired | Source of acquisition | Total Checkouts | Total Renewals | Full call number | Barcode | Date last seen | Date last borrowed | Koha item type |
|---|---|---|---|---|---|---|---|---|---|---|---|---|---|---|---|
| Central Library | Central Library | First floor | 24/04/2008 | Purchase | 2 | 1 | 690.068HIN | 000006282 | 15/07/2025 | 26/09/2017 | Book - Borrowing | ||||
| Central Library | Central Library | First floor | 24/04/2008 | Purchase | 1 | 6 | 690.068HIN | 000011205 | 15/07/2025 | 27/11/2018 | Book - Borrowing | ||||
| Central Library | Central Library | First floor | 24/04/2008 | Purchase | 3 | 21 | 690.068HIN | 000011206 | 15/07/2025 | 10/12/2020 | Book - Borrowing |